000 00612nam a2200193Ii 4500
003 JO-AjNU
008 230605s9999||||xx |||||||||||||| ||und||
040 _aJO-AjNU
_bara
_erda
_cJO-AjNU
041 _aara
050 1 4 _aPJ7876.U5.A17 1990
100 3 _aالزغول، حسين مصلح,
_eauthor
_948740
245 0 0 _aقفي تغير وجه القمر: شعر
264 3 1 _aعمان: د.ن، 1990
300 _a92ص
336 _atext
_btxt
_2rdacontent
337 _aunmediated
_bn
_2rdamedia
338 _avolume
_bnc
_2rdacarrier
650 4 _aالشعر العربي - الاردن - القرن 20
_948741
999 _aA21365
_c24933
_d24933